000 00474nam a2200181Ia 4500
001 14217
005 20260306164858.0
008 260306t2012||||xx |||||||||||||| ||spa||
041 _aESP
082 _a510.0711
_bT19A
100 _aTan, Soo T.
_eAUT
245 0 _aMatemáticas aplicadas:
_ba los negocios, las ciencias sociales y de la vida
260 _c2012
300 _axxii, 919 páginas :
_c27 cm.
650 _aGEN
654 _aCMA
942 _cLIB
_dJUS
_fJUS
_2ddc
_n
999 _c14217
_d14217